Nền dân trị Mỹ = De la démocratie en Amérique
Sách bao gồm 2 phần: Phần 1 cho ta thấy được một cách khá tổng quan về cuộc sống và chính trị ở Mỹ; Phần 2 sách nói về các chính đảng, về tự do báo chí, lập đoàn thể chính trị ... ở Mỹ.
Đã lưu trong:
| Príomhúdar: | |
|---|---|
| Formáid: | Leabhar |
| Teanga: | Undetermined |
| Foilsithe: |
Hà Nội
Tri thức
2007
|
| Ábhair: | |
| Clibeanna: |
Cuir Clib Leis
Gan Chlibeanna, Bí ar an gcéad duine leis an taifead seo a chlibeáil!
|
| Thư viện lưu trữ: | Trung tâm Học liệu Trường Đại học Cần Thơ |
|---|
| LEADER | 01063nam a2200241Ia 4500 | ||
|---|---|---|---|
| 001 | CTU_126683 | ||
| 008 | 210402s9999 xx 000 0 und d | ||
| 020 | |c 85000 | ||
| 082 | |a 973 | ||
| 082 | |b T632/T.1 | ||
| 100 | |a Tocqueville, Alexis de | ||
| 245 | 0 | |a Nền dân trị Mỹ = | |
| 245 | 0 | |b De la démocratie en Amérique | |
| 245 | 0 | |c Alexis de Tocqueville ; Phạm Toàn (dịch) ; Bùi Văn Nam Sơn (hiệu đính và giới thiệu) | |
| 260 | |a Hà Nội | ||
| 260 | |b Tri thức | ||
| 260 | |c 2007 | ||
| 520 | |a Sách bao gồm 2 phần: Phần 1 cho ta thấy được một cách khá tổng quan về cuộc sống và chính trị ở Mỹ; Phần 2 sách nói về các chính đảng, về tự do báo chí, lập đoàn thể chính trị ... ở Mỹ. | ||
| 650 | |a Historians,Những sử gia | ||
| 650 | |x Biography,Tiểu sử | ||
| 650 | |z France,Nước Pháp | ||
| 904 | |i Nguyên | ||
| 980 | |a Trung tâm Học liệu Trường Đại học Cần Thơ | ||